| 000 | 00380nam a2200145Ia 4500 | ||
|---|---|---|---|
| 008 | 150201s2005 xx 000 0 und d | ||
| 082 |
_a617.525 _bB2005K |
||
| 100 | _aKAHNBERG | ||
| 245 | _aBONE CRAFTING TECHNIQUES FOR MAXILOFACIAL IMPLANT | ||
| 250 | _a1ST | ||
| 260 |
_bBLACKWELL SCIENCE PUB. _aEDINBURGH _c2005 |
||
| 300 | _a1-995 | ||
| 650 | _aORAL SURGERY | ||
| 942 |
_2ddc _cBK |
||
| 999 |
_c4192 _d4192 |
||